| Tag |
First Indicator |
Second Indicator |
Subfields |
| LEADER |
00000cam a2200000Ii 4500 |
| 001 |
in00001614031 |
| 005 |
20151023053659.0 |
| 008 |
770321s1966 nyu 000 0 eng d |
| 019 |
|
|
|a 1222274
|a 2185407
|a 3064462
|a 14028826
|
| 035 |
|
|
|a (OCoLC)ocm02821168
|
| 040 |
|
|
|a BXM
|c BXM
|d OCL
|d YSM
|d NRC
|d TLT
|d UPM
|d DAY
|d TXA
|d UtOrBLW
|
| 049 |
|
|
|a TXAM
|
| 090 |
|
|
|a PS3563.A4
|b N3 1966
|
| 100 |
1 |
|
|a Malamud, Bernard.
|
| 245 |
1 |
4 |
|a The natural /
|c Bernard Malamud ; with a new introd. by Roger Angell.
|
| 250 |
|
|
|a Time Reading Program special ed.
|
| 264 |
|
1 |
|a New York :
|b Time Incorporated,
|c 1966
|
| 264 |
|
4 |
|c ©1952
|
| 300 |
|
|
|a xix, 241 pages ;
|c 21 cm.
|
| 336 |
|
|
|a text
|b txt
|2 rdacontent
|
| 337 |
|
|
|a unmediated
|b n
|2 rdamedia
|
| 338 |
|
|
|a volume
|b nc
|2 rdacarrier
|
| 650 |
|
0 |
|a Baseball players
|z United States
|x Fiction.
|
| 994 |
|
|
|a E0
|b TXA
|
| 948 |
|
|
|a cataloged
|b h
|c 2001/5/30
|d c
|e bwalker
|f 8:21:39 am
|
| 999 |
|
|
|a MARS
|
| 999 |
f |
f |
|s d192160c-ddd8-3bbc-adbf-3efad2774542
|i 9b74c203-3ea4-3c10-a156-929c34b1a6ce
|t 0
|
| 952 |
f |
f |
|p ric
|a Texas A&M University
|b Rellis Campus
|c Joint Library Facility
|d Remote Storage
|t 0
|e PS3563.A4 N3 1966
|h Library of Congress classification
|i unmediated -- volume
|m A14827691510
|
| 998 |
f |
f |
|a PS3563.A4 N3 1966
|t 0
|l Remote Storage
|